| 000 | 01392nam a2200349 i 4500 | ||
|---|---|---|---|
| 001 | 000046213 | ||
| 003 | DO-SdBNP | ||
| 005 | 20240131122552.0 | ||
| 007 | ta | ||
| 008 | 110222s1986 dr a 000 0 spa d | ||
| 040 |
_aDO-SdBNP _bspa _cBNPHU _erda |
||
| 082 |
_bC397c _222 |
||
| 100 |
_aMones, Belkis _952111 |
||
| 245 | 1 | 0 |
_aCon trabajo de mujer : _bcondiciones de vida de la mujer rural / _cBelkis Mones, Pastora Hernández, Lidia Grant, Milagros Dottin, Amparo Arango y otros ; asesoría Carmen Diana Deere ; redacción Margarita Cordero |
| 264 | 1 |
_aSanto Domingo : _bCIPAF _c1986. |
|
| 300 |
_a45 Páginas _bilustraciones _c22 cm. |
||
| 336 |
_2rdacontent _atexto _btxt |
||
| 337 |
_2rdamedia _asin mediación _bn |
||
| 338 |
_2rdacarrier _avolumen _bnc |
||
| 500 | _aTexto basado en el informe final del estudio "La mujer rural Dominicana" realizado Francis Pou, coordinadora | ||
| 590 | _aInventariado, 2024/ YL | ||
| 700 | 1 |
_aMones, Belkis _952111 _eautora |
|
| 700 | 1 |
_aHernández, Pastora _eautora _92568 |
|
| 700 | 1 |
_aGrant, Lidia _eautora _952110 |
|
| 700 | 1 |
_aDottin, Milagros _eautora _952108 |
|
| 700 | 1 |
_aArango, Amparo _eautora _952107 |
|
| 700 | 1 |
_aFernández, Brinella _eautora _952109 |
|
| 700 | 1 |
_aRosado, Tarasy _eautora _984823 |
|
| 710 | 2 |
_aCentro de Investigación para la Acción Femenina (República Dominicana) _974250 |
|
| 910 | _aYLockward | ||
| 942 |
_2ddc _cLF2 |
||
| 999 |
_c45702 _d45702 |
||